| 000 | 01200nam a2200289 i 4500 | ||
|---|---|---|---|
| 003 | EG-GICUC | ||
| 005 | 20260121101542.0 | ||
| 008 | 251228s1968 ua ||||fr|||| 00| 0 ara d | ||
| 040 |
_a EG-GICUC _bara _c EG-GICUC _d EG-GICUC _erda |
||
| 041 | 0 | _aara | |
| 082 | 0 | 4 |
_221 _a345.632 _bر م . ت |
| 092 | 0 | 4 | _221 |
| 099 | _aLaw1 07 345.632 ر م . ت 1968 | ||
| 100 | 0 |
_aرمزى طه الشاعر _eمؤلف. |
|
| 245 | 1 | 0 |
_aتدرج البطلان فى القرارات الإدارية : _bدراسة مقارنة / _cرمزى طه الشاعر. |
| 264 | 1 |
_aالقاهرة : _bدار النهضة العربية، _c1968. |
|
| 300 |
_a456 صفحة ؛ _c24 سم. |
||
| 336 |
_2rda content _atext |
||
| 337 |
_2rda media _aComputer |
||
| 338 |
_2rda carrier _aOnline Resource |
||
| 504 | _aيحتوي على ارجاعات ببليوجرافية يحتوي على قائمة بالمراجع | ||
| 546 | _aالنص أغلبه باللغة العربية مع بعض النصوص الفرنسية | ||
| 650 | 1 | 4 |
_aبطلان القرار الإداري _xالقانون الاداري |
| 856 | 4 | 0 | _uhttps://fll.law.cu.edu.eg/fulltext/bks/B07-01904.pdf |
| 905 | _a75 | ||
| 942 |
_2ddc _cBK _e21 _n0 |
||
| 999 |
_c52786 _d52786 |
||